[Event "FRA-chT3 North 0304"]
[Site "France"]
[Date "2004.04.04"]
[Round "9.7"]
[White "Vekemans, Denis"]
[Black "Torrez, Javier"]
[Result "1-0"]
[WhiteElo "2019"]
[BlackElo "1699"]
[PlyCount "71"]
[EventDate "2003.11.??"]
[EventType "team"]
[EventRounds "9"]
[EventCountry "FRA"]
[SourceTitle "EXT 2006"]
[Source "ChessBase"]
[SourceDate "2005.11.24"]
[SourceVersion "1"]
[SourceVersionDate "2005.11.24"]
[SourceQuality "1"]
[WhiteTeam "Lille II"]
[BlackTeam "Boulogne sur Mer"]
[WhiteTeamCountry "FRA"]
[BlackTeamCountry "FRA"]

1. e4 e5 2. f4 d6 3. Nf3 Nc6 4. Bc4 Nf6 5. Nc3 Be6 6. Bxe6 fxe6 7. fxe5 Nxe5 8. d4 Ng6 9. Qd3 Qd7 10. h4 Nh5 11. Ne2 Be7 12. g4 Nf6 13. h5 Nf8 14. g5 Ng4 15. e5 dxe5 16. Rg1 exd4 17. Rxg4 c5 18. Ne5 Qc7 19. Bf4 Bd6 20. Qb5+ Nd7 21. Nxd7 Qxd7 22. Qxd7+ Kxd7 23. Bxd6 Kxd6 24. 0-0-0 Rhf8 25. a4 Rf2 26. Nc3 Rh2 27. Nb5+ Kc6 28. Re1 a6 29. Rxe6+ Kd7 30. Rd6+ Ke7 31. Re4+ Kf8 32. Nc7 Rc8 33. Rd7 Rxh5 34. Ne6+ Kg8 35. Rxg7+ Kh8 36. Rxb7 1-0

[Event "FRA-chT3 North 0304"]
[Site "France"]
[Date "2004.02.01"]
[Round "6.6"]
[White "Mallevaey, Guillaume"]
[Black "Torrez, Javier"]
[Result "0-1"]
[WhiteElo "1780"]
[BlackElo "1699"]
[PlyCount "64"]
[EventDate "2003.11.??"]
[EventType "team"]
[EventRounds "9"]
[EventCountry "FRA"]
[SourceTitle "EXT 2006"]
[Source "ChessBase"]
[SourceDate "2005.11.24"]
[SourceVersion "1"]
[SourceVersionDate "2005.11.24"]
[SourceQuality "1"]
[WhiteTeam "Cappelle la Grande"]
[BlackTeam "Boulogne sur Mer"]
[WhiteTeamCountry "FRA"]
[BlackTeamCountry "FRA"]

1. Nf3 Nc6 2. d4 g6 3. e4 Bg7 4. c4 d6 5. Be3 Bg4 6. Be2 Nf6 7. Nc3 0-0 8. 0-0 Qd7 9. Qc2 Nh5 10. Rad1 f5 11. exf5 Bxf5 12. Qb3 Kh8 13. Bg5 Bg4 14. Be3 Nf4 15. Bxf4 Rxf4 16. Nd5 Re4 17. Bd3 Bxf3 18. Bxe4 Bxd1 19. Rxd1 Bxd4 20. Qxb7 Rb8 21. Qxc7 Qxc7 22. Nxc7 Bxb2 23. Bxc6 Rc8 24. Ne6 Rxc6 25. c5 Kg8 26. cxd6 Rxd6 27. Rxd6 exd6 28. f3 h6 29. Kf2 Kf7 30. Nc7 Kf6 31. Nb5 Ke5 32. Nxa7 Bd4+ 0-1

[Event "FRA-chT3 North 0304"]
[Site "France"]
[Date "2003.10.12"]
[Round "1.7"]
[White "Torrez, Javier"]
[Black "Tupet, Guillaume"]
[Result "0-1"]
[WhiteElo "1699"]
[BlackElo "2048"]
[PlyCount "28"]
[EventDate "2003.11.??"]
[EventType "team"]
[EventRounds "9"]
[EventCountry "FRA"]
[SourceTitle "EXT 2006"]
[Source "ChessBase"]
[SourceDate "2005.11.24"]
[SourceVersion "1"]
[SourceVersionDate "2005.11.24"]
[SourceQuality "1"]
[WhiteTeam "Boulogne sur Mer"]
[BlackTeam "Neuville en Ferrain"]
[WhiteTeamCountry "FRA"]
[BlackTeamCountry "FRA"]

1. e4 c5 2. f4 a6 3. Nf3 Nc6 4. d4 cxd4 5. Nxd4 e6 6. Be3 Qb6 7. b3 Nf6 8. Qd3 Nb4 9. Qc4 Bc5 10. Bd3 d5 11. exd5 exd5 12. Qc3 0-0 13. g3 Re8 14. Kd2 Rxe3 0-1